|
|
|
|
| LEADER |
01841cas a2200265 a 4500 |
| 001 |
AALejournalIMF019166 |
| 008 |
230101c9999 xx r poo 0 0eng d |
| 020 |
|
|
|c 5.00 USD
|
| 020 |
|
|
|z WPICA2018253
|
| 022 |
|
|
|a 1018-59411
|
| 040 |
|
|
|a BD-DhAAL
|c BD-DhAAL
|
| 100 |
1 |
|
|a Cerutti, Eugenio.
|
| 240 |
1 |
0 |
|a China's Bond Market and Global Financial Markets.
|l Chinese
|
| 245 |
1 |
0 |
|a China's Bond Market and Global Financial Markets /
|c Eugenio Cerutti, Maurice Obstfeld.
|
| 264 |
|
1 |
|a Washington, D.C. :
|b International Monetary Fund,
|c 2019.
|
| 300 |
|
|
|a 1 online resource (17 pages)
|
| 490 |
1 |
|
|a IMF Working Papers
|
| 500 |
|
|
|a <strong>Off-Campus Access:</strong> No User ID or Password Required
|
| 500 |
|
|
|a <strong>On-Campus Access:</strong> No User ID or Password Required
|
| 506 |
|
|
|a Electronic access restricted to authorized BRAC University faculty, staff and students
|
| 520 |
3 |
|
|a A cross-country comparative analysis shows that there is substantial room for further integration of China into global financial markets, especially in the case of the international bond market. A further successful liberalization of the Chinese bond market would encompass not only loosening bond market regulations, but also further developing of other markets, notably the foreign exchange market. Even though the increased integration of China into international capital markets would increase its exposure to the global financial cycle, the costs in terms of monetary autonomy would not be large given China's size and especially under a well-articulated macroeconomic framework.
|
| 538 |
|
|
|a Mode of access: Internet
|
| 700 |
1 |
|
|a Obstfeld, Maurice.
|
| 830 |
|
0 |
|a IMF Working Papers; Working Paper ;
|v No. 2018/253
|
| 856 |
4 |
0 |
|z Full text available on IMF
|u http://elibrary.imf.org/view/journals/001/2018/253/001.2018.issue-253-zh.xml
|z IMF e-Library
|